[Event "New Delhi Parsvnath op 8th"]
[Site "New Delhi"]
[Date "2010.01.14"]
[Round "1"]
[White "Gutov, Andrey"]
[Black "Jotish, Joy"]
[Result "1-0"]
[WhiteElo "2444"]
[BlackElo "1835"]
[PlyCount "107"]
[EventDate "2010.01.14"]
[EventType "swiss"]
[EventRounds "11"]
[EventCountry "IND"]
[SourceTitle "CBM 134 Extra"]
[Source "ChessBase"]
[SourceDate "2010.03.03"]
[SourceVersion "1"]
[SourceVersionDate "2010.03.03"]
[SourceQuality "1"]

1. d4 d5 2. c4 c6 3. Nc3 Nf6 4. e3 a6 5. Nf3 b5 6. b3 Bg4 7. h3 Bxf3 8. Qxf3 e6 9. c5 Nbd7 10. g4 h6 11. Bg2 Be7 12. Bd2 e5 13. Qg3 e4 14. 0-0-0 Qb8 15. Qxb8+ Rxb8 16. b4 Nh7 17. h4 Nhf8 18. f3 exf3 19. Bxf3 Ne6 20. Be1 Rc8 21. Bg3 g5 22. e4 dxe4 23. Nxe4 Nf6 24. Be5 Nxe4 25. Bxe4 f6 26. Bg3 Nf4 27. Rhe1 Kf8 28. Bxf4 gxf4 29. Bf5 Rc7 30. Re6 Kf7 31. d5 cxd5 32. Rxa6 Rb8 33. Rxd5 Rbb7 34. Rd4 Ra7 35. Be6+ Kf8 36. Rxa7 Rxa7 37. Rxf4 Ra4 38. Bb3 Ra8 39. Rd4 Rd8 40. Rxd8+ Bxd8 41. Bd1 f5 42. gxf5 Bxh4 43. Be2 Ke7 44. Kc2 Kf6 45. Bxb5 Kxf5 46. Kd3 Ke6 47. Kc4 Ke7 48. a4 Kd8 49. Bc6 Kc7 50. b5 Be1 51. Bf3 Bd2 52. b6+ Kc8 53. Kb5 Be1 54. a5 1-0